000 00524nam a2200193Ia 4500
003 GCL
008 140319s9999 xx 000 0 eng d
020 _a9839154125
040 _aGCL /
_cGCL
082 0 4 _a953.8
_bM R
100 1 _aMUHAMMAD ASAD
245 1 0 _aTHE ROAD TO MECCA /
_cMUHAMMAD ASAD
260 _aماليزيا :
_bISLAMIC BOOK TRUST ،
_c1999
300 _a22 CM ؛
_c380 P
650 0 4 _aISLAM
650 0 4 _aMECCA ( SAUDI ARABIA ) IN ISLAM
650 0 4 _aSAUDI ARABIA - MECCA - HISTORY
942 _2ddc
_cBK
999 _c5740
_d5740